| 000 | 00810cam a22002653a 4500 | ||
|---|---|---|---|
| 001 | 4235 | ||
| 003 | PGUSA | ||
| 005 | 20140828083050.0 | ||
| 008 | 030701s2003||||xxu|||||s|||||000 1 eng d | ||
| 040 |
_aPGUSA _beng |
||
| 042 | _adc | ||
| 050 | 4 | _aPR | |
| 100 | 1 |
_aYonge, Charlotte M. _q(Charlotte Mary), _d1823-1901 |
|
| 245 | 1 | 0 |
_aDynevor Terrace; Or, The Clue of Life — Volume 1 _h[electronic resource] / _cCharlotte M. Yonge |
| 260 |
_bProject Gutenberg, _c2003 |
||
| 506 | _aPublic domain in the USA. | ||
| 516 | _aElectronic text | ||
| 653 | _aUpper class -- England -- Fiction | ||
| 653 | _aEnglish fiction -- 19th century | ||
| 653 | _aCousins -- Fiction | ||
| 653 | _aDomestic fiction | ||
| 830 | 0 |
_aProject Gutenberg _v4235 |
|
| 856 | 4 | 0 | _uhttp://www.gutenberg.org/ebooks/4235 |
| 942 | _cEB | ||
| 999 |
_c233564 _d233564 |
||